| 000 | 01166nam a22003615i 4500 | ||
|---|---|---|---|
| 001 | 22966103 | ||
| 005 | 20250429110742.0 | ||
| 008 | 230209s2023 mau 000 0 eng | ||
| 010 | _a 2023932400 | ||
| 020 | _a9783110742282 | ||
| 037 | _cTB | ||
| 040 |
_aCRL _beng _erda _cCRL _dCRL |
||
| 041 |
_2eng _aeng |
||
| 042 | _apcc | ||
| 084 |
_aP:(S5) R4 _qCRL |
||
| 245 | 0 | 0 |
_aLinguistics out of the closet : _bthe interdisciplinarity of gender and sexuality in language science |
| 260 |
_aBoston, USA: _bDe Gruyter, _c2023. |
||
| 263 | _a2307 | ||
| 264 | 1 | _c2023. | |
| 300 | _ax, 279p. | ||
| 336 |
_atext _btxt _2rdacontent |
||
| 337 |
_aunmediated _bn _2rdamedia |
||
| 338 |
_avolume _bnc _2rdacarrier |
||
| 365 |
_b124.95 _cEURO |
||
| 490 | 0 |
_aInterdisciplinary linguistics, _x26269228 ; _v3 |
|
| 650 | _aLinguistics | ||
| 650 | _aSex | ||
| 700 | 1 |
_aKibbey, Tyler Everett, _eeditor. _9753365 |
|
| 906 |
_a0 _bibc _corignew _d2 _eepcn _f20 _gy-gencatlg |
||
| 942 |
_2CC _cTB _hP:(S5) R4 _n0 |
||
| 999 |
_c1309712 _d1309712 |
||